000 00837nam a2200217Ia 4500
003 GCL
008 140319s9999 xx 000 0 ara d
040 _aGCL /
_cGCL
082 0 4 _aد
_b328.3033
_bر م
100 1 _aالمجالس القومية المتخصصة
245 1 0 _aالمجالس القومية المتخصصة والتخطيط من اجل مصر /
_cالمجالس القومية المتخصصة
700 1 _aلجنة الاعلام والدراسات المستقب
260 _a[S.N] :
_bلجنة الاعلام والدراسات المستقبلية ،
_c1991
300 _a55 ص
490 _aسلسلة المكتبة الصحفية
_v0
650 0 4 _aمصر
650 0 4 _aالتخطيط
650 0 4 _aالمجالس الاستشارية
650 0 4 _aالقرارات السياسية
942 _2ddc
_cCF
999 _c27129
_d27129